00396nam a2200145Ia 4500008004100000020001500041041000800056082001600064100003800080245003800118250000700156260003600163300001800199650003300217210716s1993 xx 000 0 und d a0030754747 aeng a658.15 WESJ aWeston, J Fred;Brigham, Eugene F. aEssentials of managerial finance. a10 aNew YorkbThe Dyden pressc1993 axxiii,892,I-8 aFinancial Management(658.15)